Culture Générale - Série 1539 - Statistiques

Statistiques générales
  • Ce quiz a été pris 107 fois
  • Le résultat moyen est 3 sur 10
Statistiques - réponses
Question Réponse % Correct
Quelle partie du visage peut être "bée", "en coeur" ou "en cul de poule" ? bouche
99%
Quel était le surnom du roi de France Louis X ? Le Hutin
43%
Qui était le chanteur du groupe Aphrodite's Child ? Demis Roussos
42%
Dans quel roman de George Sand de 1849, rencontre-t-on les jumeaux Landry et Sylvinet ? La Petite Fadette
28%
Comment s'appelle le père de Gargantua, dans l'oeuvre de Rabelais ? Grandgousier
25%
Dans quelle ville se sont tenus les jeux Olympiques d'été, en 1952 ? Helsinki
19%
Quel fleuve de Russie, long de 1870 kilomètres, rejoint la mer d'Azov en aval de Rostov ? Don
16%
Quelle république s'est appelée “Territoire français des Afars et des Issas” ? Djibouti
14%
En 1997, pour quel film Patrice Leconte reçoit-il le César du meilleur film de l'année ? Ridicule
11%
À quel écrivain doit-on le roman “Armance” ? Stendhal
6%
Aucun quiz correspondant
Distribution des résultats
% des personnes avec chaque résultat
Percentile par nombre de réponses
Votre historique - résultats
Vous n’avez pas pris ce quiz